MARC details
| 000 -LEADER |
| fixed length control field |
02256nam a2200301 a 4500 |
| 008 - FIXED-LENGTH DATA ELEMENTS--GENERAL INFORMATION |
| fixed length control field |
080131s1998 ||||||||||||||||| || u |
| 020 ## - INTERNATIONAL STANDARD BOOK NUMBER |
| International Standard Book Number |
0878932747 |
| 050 ## - LIBRARY OF CONGRESS CALL NUMBER |
| Classification number |
QH 352 Got |
| 100 ## - MAIN ENTRY--PERSONAL NAME |
| Personal name |
Gotelli, Nicholas J |
| 245 12 - TITLE STATEMENT |
| Title |
A primer of ecology. -- 2nd ed. |
| Statement of responsibility, etc. |
Nicholas J. Gotelli |
| 250 ## - EDITION STATEMENT |
| Edition statement |
2nd ed. |
| 260 ## - PUBLICATION, DISTRIBUTION, ETC. |
| Place of publication, distribution, etc. |
Sunderland, Massachusetts |
| Name of publisher, distributor, etc. |
Sinauer Associates |
| Date of publication, distribution, etc. |
1998 |
| 300 ## - PHYSICAL DESCRIPTION |
| Extent |
xvi, 236p.: ill. |
| 350 ## - |
| -- |
0.00 |
| 650 ## - SUBJECT ADDED ENTRY--TOPICAL TERM |
| Topical term or geographic name entry element |
Population biology--Mathematical models |
| 650 ## - SUBJECT ADDED ENTRY--TOPICAL TERM |
| Topical term or geographic name entry element |
ECOLOGY |
| 650 #0 - SUBJECT ADDED ENTRY--TOPICAL TERM |
| Topical term or geographic name entry element |
ECOLOGY--MATHEMATICAL MODELS |
| 995 ## - |
| -- |
MAIN LIBRARY OPEN ACCESS |
| -- |
0.00 |
| -- |
738376 |
| -- |
CBU-MAIN LIBRARY (Kitwe) |
| -- |
1 |
| -- |
0.00 |
| -- |
QH 352 GOT |
| -- |
5 |
| -- |
AVAILABLE |
| -- |
Jan 31, 2008 |
| -- |
738376 |
| -- |
Main Library Open Access Collection |
| 995 ## - |
| -- |
KAPASA MAKASA LIBRARY OPEN ACCESS |
| -- |
0.00 |
| -- |
738375 |
| -- |
CBU-KAPASA MAKASA LIBRARY (Chinsali) |
| -- |
1 |
| -- |
0.00 |
| -- |
QH 352 GOT |
| -- |
4 |
| -- |
AVAILABLE |
| -- |
Jan 31, 2008 |
| -- |
738375 |
| -- |
Kapasa Makasa Library Open Acess Collection |
| 995 ## - |
| -- |
TEXTBOOKS (SNR) |
| -- |
0.00 |
| -- |
4055 |
| -- |
CBU-SCHOOL TEXTBOOK COLLECTIONS |
| -- |
1 |
| -- |
0.00 |
| -- |
SCHOOL TEXTBOOK |
| -- |
8 |
| -- |
AVAILABLE |
| -- |
Jul 27, 2009 |
| -- |
4055 |
| -- |
School Collections |
| 995 ## - |
| -- |
TEXTBOOKS (SNR) |
| -- |
0.00 |
| -- |
4053 |
| -- |
CBU-SCHOOL TEXTBOOK COLLECTIONS |
| -- |
1 |
| -- |
0.00 |
| -- |
SCHOOL TEXTBOOK |
| -- |
6 |
| -- |
AVAILABLE |
| -- |
Jul 27, 2009 |
| -- |
4053 |
| -- |
School Collections |
| 995 ## - |
| -- |
TEXTBOOKS (SNR) |
| -- |
0.00 |
| -- |
4054 |
| -- |
CBU-SCHOOL TEXTBOOK COLLECTIONS |
| -- |
1 |
| -- |
0.00 |
| -- |
SCHOOL TEXTBOOK |
| -- |
7 |
| -- |
AVAILABLE |
| -- |
Jul 27, 2009 |
| -- |
4054 |
| -- |
School Collections |
| 995 ## - |
| -- |
MAIN LIBRARY OPEN ACCESS |
| -- |
0.00 |
| -- |
738374 |
| -- |
CBU-MAIN LIBRARY (Kitwe) |
| -- |
1 |
| -- |
0.00 |
| -- |
QH 352 GOT |
| -- |
3 |
| -- |
AVAILABLE |
| -- |
Jan 31, 2008 |
| -- |
738374 |
| -- |
Main Library Open Access Collection |
| 995 ## - |
| -- |
TEXTBOOKS (SNR) |
| -- |
0.00 |
| -- |
4056 |
| -- |
CBU-SCHOOL TEXTBOOK COLLECTIONS |
| -- |
1 |
| -- |
0.00 |
| -- |
SCHOOL TEXTBOOK |
| -- |
9 |
| -- |
AVAILABLE |
| -- |
Jul 27, 2009 |
| -- |
4056 |
| -- |
School Collections |
| 995 ## - |
| -- |
KAPASA MAKASA LIBRARY OPEN ACCESS |
| -- |
0.00 |
| -- |
738373 |
| -- |
CBU-KAPASA MAKASA LIBRARY (Chinsali) |
| -- |
1 |
| -- |
0.00 |
| -- |
QH 352 GOT |
| -- |
2 |
| -- |
AVAILABLE |
| -- |
Jan 31, 2008 |
| -- |
738373 |
| -- |
Kapasa Makasa Library Open Acess Collection |
| 995 ## - |
| -- |
TEXTBOOKS (SNR) |
| -- |
0.00 |
| -- |
4057 |
| -- |
CBU-SCHOOL TEXTBOOK COLLECTIONS |
| -- |
1 |
| -- |
0.00 |
| -- |
SCHOOL TEXTBOOK |
| -- |
10 |
| -- |
AVAILABLE |
| -- |
Jul 27, 2009 |
| -- |
4057 |
| -- |
School Collections |
| 995 ## - |
| -- |
ANNEX COLLECTION (Main Library) |
| -- |
0.00 |
| -- |
738372 |
| -- |
CBU-MAIN LIBRARY (Kitwe) |
| -- |
1 |
| -- |
0.00 |
| -- |
QH 352 GOT |
| -- |
1 |
| -- |
AVAILABLE |
| -- |
Jan 31, 2008 |
| -- |
738372 |
| -- |
Annex Low-Usage Collection |
| 999 ## - |
| -- |
77274 |
| -- |
77274 |